00636 2200217 4500001002100000005001700021008004100038035002400079082001200103090002400115100003300139245009300172250001100265260003900276300002900315650002300344850001500367980001500382985000600397999001500403YOGYA-0209000004135420090227025747.0 ind  0010-020900000041354 a338.002 a338.002bKan SlYOG aKANTOR STATISTIK. Yogyakarta aStatistik industri 1992bhasil pengolahan data perusahaan industri DIYcKantor Statistik aCet. 1 aYogyakartabKantor Statistikc1993 axii, 99 hlmbilusc28 cm aStatistik industri aYOPDYOG(B) a23-01-2008 a1 a07A0027389